01531cam a2200325 i 45000010009000000050017000090080041000260100017000670200018000840250026001020410008001280420015001360820014001511000021001652450073001862600047002592640061003063000033003673360026004003370028004263380027004545000241004815040041007225200329007636500028010926500025011207000022011457000021011677000017011882293489320250327152455.0230120s2020 ii d b 100 0 eng  a 2022339493 a9789389867947 aI-E-2022339493; 79-90 aeng alcodeapcc a333.7 DAT aDatta, Manipadma00aBusiness Economics And Sustainable Development : The Emerging Issues aNew DehlibBloomsbury Professional Ic2020 1aNew Delhi :bBloomsbury Publishing India Pvt Ltd,c2020. a351 pages :bcharts ;c24 cm atextbtxt2rdacontent aunmediatedbn2rdamedia avolumebnc2rdacarrier a"Many chapters are selected from the papers presented at the Annual International Conference on Business Economics and Sustainable Development (ICBESD-2019) organized by the TERI School of Advanced Studies in January 2019."--Cover back. aIncludes bibliographical references. aTERI School of Advanced Studies announces its 2nd International Conference on Business, Economics and Sustainable Development (ICBESD-2019) in collaboration with Government of India Rooftop Solar Technical Assistance Program supported by World Bank on January 17-18, 2019 focus on solar energy along with other usual tracks. 0aSustainable development 0aEconomic development1 aDatta, Manipadma,1 aMahajan, Ritika,1 aBose, Montu,